Dictionnaire des ballets

Bewaard in:
Bibliografische gegevens
Hoofdauteur: Reyna, Ferdinand (Auteur)
Formaat: Boek
Taal:Frans
Gepubliceerd in: París Librairie Larousse 1967
Editie:1a. ed
Reeks:Les Dictionnaires de l'homme du XX siecle
Onderwerpen:
Tags: Voeg label toe
Geen labels, Wees de eerste die dit record labelt!

MARC

LEADER 00000cam a2200000 a 4500
001 UCE0826
003 CL-VaPUC
008 140307e19670000fr |||||||||||||||||fre|d
082 0 4 |a 792.83  |b REY  |2 21 
100 0 |a Reyna, Ferdinand  |e author  |9 573194 
245 1 0 |a Dictionnaire des ballets 
250 |a 1a. ed 
300 |a 256 p 
942 |c BK 
945 |d 20140307 11:03:00  |a dcastane 
260 |a París  |b Librairie Larousse  |c 1967 
650 0 |a Ballet  |9 265384 
650 0 |a Diccionarios  |9 256200 
583 |a last modification  |c 20140307 11:03:00  |k Rodrigo Vera 
490 0 |a Les Dictionnaires de l'homme du XX siecle 
999 |c 354844  |d 354842 
952 |0 0  |1 0  |3 erb  |4 0  |6 792_830000000000000_REY_1967  |7 0  |8 A  |9 461050  |a BIBART  |b BIBART  |i 5054818  |o 792.83 REY 1967  |p 5054818  |r 2025-03-13  |w 2019-11-23  |y BK  |z Catalogado en:20140307  |k ART